Science Quiz

Random Science or Animal Quiz

Find the Black Animals Quiz Stats

 Plays Quiz Updated Nov 6, 2019

Score 0/20 Timer 04:00
52 Plays Today
% Correct
Black Panther
97%
Black Rhinoceros
96.8%
Black Swan
96.8%
Raven
96.5%
Little Black Ant
96.4%
American Black Bear
96.4%
Emperor Scorpion
96.1%
Stag Beetle
95.6%
Black Widow
95.3%
Black Slug
94.8%
% Correct
Black Girdled Lizard
94%
Black Rock Urchin
93.1%
Eastern Indigo Snake
84.7%
Arizona Black Rattlesnake
80.8%
Black Caiman
77.9%
Black Brittlestar
75.3%
Black Pika
72.5%
Black Drum
71.5%
Black Telescope Goldfish
71.5%
Black Olm
64.6%

You're not logged in!

Compare scores with friends on all Sporcle quizzes.
OR
Log In

Sporcle TV

Today on Sporcle TV


Watch our educational content, quiz creation guides, and fun videos on Sporcle TV.

Show Comments

Extras

Top Quizzes Today


Score Distribution

Your Account Isn't Verified!

In order to create a playlist on Sporcle, you need to verify the email address you used during registration. Go to your Sporcle Settings to finish the process.

Report this User

Report this user for behavior that violates our Community Guidelines.

Details: